000 00749nam a22002177a 4500
999 _c5062
_d5062
003 AR-CdUCM
008 190311b ||||| |||| 00| 0 spa d
040 _aMUNICIPALIDAD PROVINCIAL DEL CUSCO
_cBIBLIOTECA MUNICIPAL DEL CUSCO
082 _a869.56 /
_bR47
100 _aRodrigo, Cecilia
_915447
245 _aGenero humano /
260 _aLima :
_bGrafimag,
_c1989.
300 _a67 paginas ;
_c21 cm.
505 _aContenido : Premonición -- Ernesto -- Muertos -- "No me quedan..." -- "Dentro de mi ..." -- La princesa y el dragón -- Epilogo ...
650 _aLiteratura peruana
_9169
650 _aLiteratura latinoamericana
_91143
650 _aLiteratura siglo XX
_91173
710 _aCONCYTEC
_92809
942 _2ddc
_cLIBROS
945 _arah